[Event "DVM U16w 2021"]
[Site "Berlin GER"]
[Date "2022.05.01"]
[Round "4"]
[White "Evering, Enna"]
[Black "Symanski, Linda"]
[Result "1-0"]
[Termination "normal"]
[Board "7.2"]
[WhiteElo "1464"]
[BlackElo "1090"]
[WhiteTeam "SC Papenburg"]
[BlackTeam "Schachfreunde Essen-Werden 1924/80 e. V."]
[PlyCount "103"]
[WhiteFideId "16218213"]
[BlackFideId "16284534"]
[EventCountry "GER"]
[EventRounds "7"]
[EventType "team-swiss"]
[EventDate "2022.04.29"]

1. e4 d5 2. exd5 Qxd5 3. Nc3 Qd8 4. d4 Nf6 5. h3 Bf5 6. Nf3 e6 7. Bc4 c6 8. O-O
Be7 9. a4 Nbd7 10. Be3 Qc7 11. Qe2 O-O 12. Nh4 Bg6 13. Nxg6 hxg6 14. Rfb1 a5
15. Bd3 Nb6 16. g3 Nbd5 17. Nxd5 Nxd5 18. h4 Nxe3 19. Qxe3 Rfd8 20. Qe4 Qd6 21.
h5 f5 22. Qe3 g5 23. Re1 Kf8 24. Qxe6 Qxe6 25. Rxe6 f4 26. c3 c5 27. Re4 cxd4
28. cxd4 fxg3 29. fxg3 Bf6 30. Rf1 Rd6 31. Bc4 Re8 32. Rxe8+ Kxe8 33. d5 Bxb2
34. Rb1 Rb6 35. Bb5+ Ke7 36. Rxb2 Rd6 37. Rd2 Kf6 38. Kf2 Ke5 39. Kf3 Kf5 40.
Bc4 g4+ 41. Ke3 Ke5 42. Be2 Rxd5 43. Rxd5+ Kxd5 44. Bxg4 Kc5 45. Bd1 Kd6 46.
Kf4 Ke6 47. g4 Kf6 48. g5+ Kf7 49. Kf5 b6 50. Bb3+ Ke7 51. h6 gxh6 52. gxh6 Kf8
53. Kg6  1-0

[Event "DVM U16w 2021"]
[Site "Berlin GER"]
[Date "2022.05.01"]
[Round "4"]
[White "Thiele, Lea-Marie"]
[Black "Werner, Rosalie"]
[Result "0-1"]
[Termination "normal"]
[Board "8.1"]
[WhiteElo "1243"]
[BlackElo "1712"]
[WhiteTeam "SK Lehrte von 1919 e. V."]
[BlackTeam "VSG 1880 Offenbach"]
[PlyCount "104"]
[WhiteFideId "16298616"]
[BlackFideId "16223748"]
[EventCountry "GER"]
[EventRounds "7"]
[EventType "team-swiss"]
[EventDate "2022.04.29"]

1. d4 Nf6 2. Nf3 d6 3. Nc3 Nbd7 4. e4 e5 5. dxe5 dxe5 6. Bc4 Be7 7. Ng5 O-O 8.
Nd5 Nxd5 9. Nxf7 Rxf7 10. Qxd5 Qf8 11. O-O Nb6 12. Qxf7+ Qxf7 13. Bxf7+ Kxf7
14. f4 Bc5+ 15. Kh1 Ke6 16. f5+ Kf7 17. g4 Bd7 18. g5 Bc6 19. Re1 Nc4 20. h4
Nd6 21. Be3 Bxe4+ 22. Kh2 Bxe3 23. Rxe3 Bxf5 24. Rxe5 Re8 25. Rc5 Re7 26. Rf1
g6 27. Ra5 a6 28. h5 Re2+ 29. Kg1 Rxc2 30. hxg6+ hxg6 31. b4 Rc4 32. a3 Rg4+
33. Kh2 Rxg5 34. Rc5 c6 35. Rc3 Rh5+ 36. Kg2 Ke6 37. Re3+ Be4+ 38. Kg1 Rh1+ 39.
Kf2 Rxf1+ 40. Kxf1 Kf5 41. Kf2 Kf4 42. Rh3 g5 43. Rh6 Nf5 44. Rh7 c5 45. bxc5
g4 46. a4 g3+ 47. Kg1 Nd4 48. Rh4+ Ke3 49. Rg4 Ne2+ 50. Kf1 g2+ 51. Rxg2 Bxg2+
52. Kxg2 Nc3  0-1

[Event "DVM U16w 2021"]
[Site "Berlin GER"]
[Date "2022.05.01"]
[Round "4"]
[White "Neininger, Sarah"]
[Black "Stelter, Finja"]
[Result "1-0"]
[Termination "normal"]
[Board "8.2"]
[WhiteElo "1404"]
[BlackElo "1416"]
[WhiteTeam "VSG 1880 Offenbach"]
[BlackTeam "SK Lehrte von 1919 e. V."]
[PlyCount "109"]
[WhiteFideId "16287410"]
[BlackFideId "16298624"]
[EventCountry "GER"]
[EventRounds "7"]
[EventType "team-swiss"]
[EventDate "2022.04.29"]

1. c4 c5 2. Nf3 Nc6 3. d4 cxd4 4. Nxd4 g6 5. e4 Bg7 6. Be3 Nf6 7. Nc3 Qa5 8. f3
O-O 9. Be2 Qb4 10. Qd2 Ne5 11. b3 Rd8 12. O-O b6 13. Rfd1 Bb7 14. Nc2 Qd6 15.
Qxd6 exd6 16. Rac1 Ne8 17. Nb5 Bf8 18. Nxa7 Rxa7 19. Bxb6 Rda8 20. Bxa7 Rxa7
21. a4 Ba6 22. Nb4 Nc7 23. Nd5 Nxd5 24. exd5 f5 25. b4 Bh6 26. Rc2 Be3+ 27. Kf1
Bxc4 28. Bxc4 Rxa4 29. Rb1 Ra7 30. Ke2 Bb6 31. Bd3 Ra3 32. Bb5 Re3+ 33. Kd2 f4
34. Rc3 Kf7 35. Rbb3 Bd4 36. Rxe3 fxe3+ 37. Rxe3 Bxe3+ 38. Kxe3 Ke7 39. Ke4 Nf7
40. f4 Nd8 41. f5 gxf5+ 42. Kxf5 Nb7 43. Kg5 Nc5 44. Kh6 Ne4 45. Kxh7 Nf6+ 46.
Kg6 Nxd5 47. Kg7 Nxb4 48. h4 Nd5 49. h5 Ne3 50. Bd3 Ng4 51. h6 Nxh6 52. Kxh6
Kf7 53. g4 d5 54. g5 Kg8 55. Bh7+  1-0

[Event "DVM U16w 2021"]
[Site "Berlin GER"]
[Date "2022.05.01"]
[Round "4"]
[White "Daoud, Shahnaz"]
[Black "Wagner, Lea"]
[Result "1/2-1/2"]
[Termination "normal"]
[Board "8.3"]
[WhiteElo "1367"]
[BlackElo "757"]
[WhiteTeam "SK Lehrte von 1919 e. V."]
[BlackTeam "VSG 1880 Offenbach"]
[PlyCount "44"]
[WhiteFideId "16297750"]
[BlackFideId "34620680"]
[EventCountry "GER"]
[EventRounds "7"]
[EventType "team-swiss"]
[EventDate "2022.04.29"]

1. d4 d5 2. c4 e6 3. Nc3 Nf6 4. Bg5 Be7 5. e3 c6 6. cxd5 exd5 7. Bd3 O-O 8. Nf3
Nbd7 9. O-O Re8 10. Ne5 Nxe5 11. dxe5 Nd7 12. Bxe7 Qxe7 13. f4 Qc5 14. Rf3 Nf8
15. Rg3 g6 16. Qh5 Kh8 17. Qh6 d4 18. exd4 Qxd4+ 19. Kh1 Be6 20. f5 Bxf5 21.
Bxf5 Qxe5 22. Be4 Rad8  1/2-1/2

[Event "DVM U16w 2021"]
[Site "Berlin GER"]
[Date "2022.05.01"]
[Round "4"]
[White "Ponomarev, Christina"]
[Black "Reddi, Bhuvana"]
[Result "0-1"]
[Termination "normal"]
[Board "9.1"]
[WhiteElo "1010"]
[BlackElo "1404"]
[WhiteTeam "SV Aalen-Ellwangen e.V."]
[BlackTeam "SC Weisse Dame e.V."]
[PlyCount "54"]
[WhiteFideId "16284208"]
[BlackFideId "16287002"]
[EventCountry "GER"]
[EventRounds "7"]
[EventType "team-swiss"]
[EventDate "2022.04.29"]

1. e4 e5 2. Nf3 Nc6 3. Nc3 Bb4 4. a3 Ba5 5. d3 d6 6. Bd2 Nf6 7. Nd5 Bxd2+ 8.
Qxd2 Bg4 9. Be2 Nxd5 10. exd5 Ne7 11. c4 Bxf3 12. Bxf3 Nf5 13. O-O Nd4 14. Qd1
O-O 15. a4 Qg5 16. Kh1 f5 17. Ra2 Rf6 18. Rg1 Rh6 19. g3 Rf8 20. b4 f4 21. Kg2
fxg3 22. Bg4 Rxf2+ 23. Rxf2 gxf2 24. Kxf2 Qf4+ 25. Ke1 Rxh2 26. Rf1 Qg3+ 27.
Rf2 Qxf2#  0-1

[Event "DVM U16w 2021"]
[Site "Berlin GER"]
[Date "2022.05.01"]
[Round "4"]
[White "Bauer, Sophia"]
[Black "Buryak, Taissia"]
[Result "1-0"]
[Termination "normal"]
[Board "9.4"]
[WhiteElo "1139"]
[BlackElo "961"]
[WhiteTeam "SC Weisse Dame e.V."]
[BlackTeam "SV Aalen-Ellwangen e.V."]
[PlyCount "65"]
[WhiteFideId "34620583"]
[BlackFideId "16284194"]
[EventCountry "GER"]
[EventRounds "7"]
[EventType "team-swiss"]
[EventDate "2022.04.29"]

1. e4 e5 2. Nf3 Nc6 3. Nc3 Nf6 4. d4 exd4 5. Nxd4 Bb4 6. Nxc6 bxc6 7. Bd3 d6 8.
O-O O-O 9. Re1 Re8 10. Bd2 h6 11. a3 Bxc3 12. Bxc3 c5 13. e5 dxe5 14. Bxe5 Qd5
15. Bxf6 Rxe1+ 16. Qxe1 Bb7 17. f3 gxf6 18. Qc3 Qg5 19. Rf1 Re8 20. Qb3 Qe3+
21. Kh1 Qe1 22. Qxb7 Qd2 23. h3 c4 24. Bxc4 Qxc2 25. Qxc7 Rf8 26. Bxf7+ Rxf7
27. Qxc2 Rf8 28. Qg6+ Kh8 29. Qxh6+ Kg8 30. Re1 a6 31. Re7 Rf7 32. Re8+ Rf8 33.
Rxf8#  1-0

[Event "DVM U16w 2021"]
[Site "Berlin GER"]
[Date "2022.05.02"]
[Round "5"]
[White "Orlova, Alicia"]
[Black "Dietz, Kristin"]
[Result "1-0"]
[Termination "normal"]
[Board "1.1"]
[WhiteElo "1723"]
[BlackElo "1707"]
[WhiteClock "00:03:06"]
[BlackClock "00:06:14"]
[WhiteTeam "Schachgemeinschaft Porz e. V. 1"]
[BlackTeam "USV Halle"]
[PlyCount "86"]
[WhiteFideId "34154563"]
[BlackFideId "12993743"]
[EventCountry "GER"]
[EventRounds "7"]
[EventType "team-swiss"]
[EventDate "2022.04.29"]

1. e4 {[%clk 1:30:55]} c5 {[%clk 1:30:57]} 2. Nc3 {[%clk 1:30:58]} Nc6 {[%clk
1:31:21]} 3. g3 {[%clk 1:31:11]} g6 {[%clk 1:31:35]} 4. Bg2 {[%clk 1:31:28]}
Bg7 {[%clk 1:31:58]} 5. d3 {[%clk 1:31:46]} e6 {[%clk 1:31:52]} 6. Be3 {[%clk
1:31:51]} d6 {[%clk 1:31:44]} 7. Qd2 {[%clk 1:31:35]} Rb8 {[%clk 1:22:47]} 8.
Nge2 {[%clk 1:30:55]} Nd4 {[%clk 1:22:17]} 9. Nd1 {[%clk 1:27:58]} Ne7 {[%clk
1:21:02]} 10. c3 {[%clk 1:26:56]} Nxe2 {[%clk 1:21:22]} 11. Qxe2 {[%clk
1:27:18]} Nc6 {[%clk 1:17:22]} 12. f4 {[%clk 1:24:34]} O-O {[%clk 1:14:54]} 13.
Nf2 {[%clk 1:20:55]} Qc7 {[%clk 1:03:07]} 14. O-O {[%clk 1:19:22]} b5 {[%clk
1:02:25]} 15. Rac1 {[%clk 1:15:26]} b4 {[%clk 1:00:25]} 16. Rfd1 {[%clk
1:13:25]} Ba6 {[%clk 0:56:33]} 17. Qd2 {[%clk 1:09:14]} bxc3 {[%clk 0:44:42]}
18. bxc3 {[%clk 1:09:14]} e5 {[%clk 0:40:00]} 19. f5 {[%clk 1:00:39]} f6 {[%clk
0:29:02]} 20. h4 {[%clk 0:54:56]} Ne7 {[%clk 0:25:32]} 21. g4 {[%clk 0:52:55]}
gxf5 {[%clk 0:17:03]} 22. gxf5 {[%clk 0:51:43]} Kf7 {[%clk 0:13:56]} 23. Bf3
{[%clk 0:48:10]} Ke8 {[%clk 0:14:08]} 24. Bh5+ {[%clk 0:46:20]} Kd7 {[%clk
0:14:20]} 25. d4 {[%clk 0:45:08]} exd4 {[%clk 0:13:05]} 26. cxd4 {[%clk
0:38:54]} c4 {[%clk 0:12:19]} 27. Bf4 {[%clk 0:26:44]} Nc6 {[%clk 0:10:43]} 28.
Bg4 {[%clk 0:17:43]} Ke7 {[%clk 0:09:40]} 29. Re1 {[%clk 0:16:17]} Qa5 {[%clk
0:09:39]} 30. Qxa5 {[%clk 0:14:14]} Nxa5 {[%clk 0:10:07]} 31. e5 {[%clk
0:14:30]} Kd7 {[%clk 0:07:32]} 32. Ne4 {[%clk 0:12:27]} fxe5 {[%clk 0:07:15]}
33. dxe5 {[%clk 0:11:19]} Bxe5 {[%clk 0:06:06]} 34. Bxe5 {[%clk 0:10:49]} dxe5
{[%clk 0:06:19]} 35. Nc5+ {[%clk 0:10:41]} Kc8 {[%clk 0:05:31]} 36. Nxa6 {[%clk
0:07:31]} Rb6 {[%clk 0:05:50]} 37. f6+ {[%clk 0:06:07]} Kd8 {[%clk 0:05:27]}
38. Rcd1+ {[%clk 0:04:56]} Ke8 {[%clk 0:05:49]} 39. Bh5+ {[%clk 0:04:50]} Rf7
{[%clk 0:05:52]} 40. Bxf7+ {[%clk 0:05:14]} Kxf7 {[%clk 0:06:18]} 41. Nc5
{[%clk 0:04:37]} Rxf6 {[%clk 0:06:15]} 42. Rxe5 {[%clk 0:04:00]} Nc6 {[%clk
0:06:14]} 43. Re3 {[%clk 0:03:06]} Nd4 1-0

[Event "DVM U16w 2021"]
[Site "Berlin GER"]
[Date "2022.05.02"]
[Round "5"]
[White "Voigt, Anastasia"]
[Black "Ramien, Hannah"]
[Result "1-0"]
[Termination "normal"]
[Board "1.2"]
[WhiteElo "1630"]
[BlackElo "1338"]
[WhiteClock "00:53:37"]
[BlackClock "00:36:32"]
[WhiteTeam "USV Halle"]
[BlackTeam "Schachgemeinschaft Porz e. V. 1"]
[PlyCount "59"]
[WhiteFideId "16235223"]
[BlackFideId "16209982"]
[EventCountry "GER"]
[EventRounds "7"]
[EventType "team-swiss"]
[EventDate "2022.04.29"]

1. e4 {[%clk 1:30:59]} e5 {[%clk 1:30:54]} 2. Nf3 {[%clk 1:31:25]} Nc6 {[%clk
1:31:19]} 3. Bc4 {[%clk 1:31:50]} Bc5 {[%clk 1:31:45]} 4. c3 {[%clk 1:32:14]}
Nf6 {[%clk 1:32:06]} 5. d3 {[%clk 1:32:40]} d6 {[%clk 1:32:30]} 6. Nbd2 {[%clk
1:32:54]} a6 {[%clk 1:32:36]} 7. Bb3 {[%clk 1:33:18]} Ba7 {[%clk 1:33:00]} 8.
O-O {[%clk 1:33:10]} h6 {[%clk 1:33:16]} 9. Re1 {[%clk 1:32:34]} g5 {[%clk
1:31:28]} 10. Nf1 {[%clk 1:25:25]} g4 {[%clk 1:30:37]} 11. N3d2 {[%clk
1:24:28]} h5 {[%clk 1:30:45]} 12. Nc4 {[%clk 1:23:02]} Bd7 {[%clk 1:19:48]} 13.
Bg5 {[%clk 1:03:38]} g3 {[%clk 1:15:53]} 14. Nxg3 {[%clk 1:00:50]} Bxf2+ {[%clk
1:16:10]} 15. Kxf2 {[%clk 0:54:52]} Ng4+ {[%clk 1:15:02]} 16. Qxg4 {[%clk
0:54:25]} hxg4 {[%clk 1:04:46]} 17. Bxd8 {[%clk 0:54:48]} Rxd8 {[%clk 1:05:11]}
18. Kg1 {[%clk 0:54:12]} Ke7 {[%clk 0:57:07]} 19. Ne3 {[%clk 0:54:10]} Rdg8
{[%clk 0:55:52]} 20. Nd5+ {[%clk 0:54:02]} Kd8 {[%clk 0:55:56]} 21. Nf6 {[%clk
0:53:50]} Rg7 {[%clk 0:55:23]} 22. Nxd7 {[%clk 0:53:57]} Kxd7 {[%clk 0:55:51]}
23. Rf1 {[%clk 0:54:20]} Ke8 {[%clk 0:54:45]} 24. Rf5 {[%clk 0:54:09]} Ne7
{[%clk 0:51:43]} 25. Rf2 {[%clk 0:53:47]} Ng6 {[%clk 0:47:31]} 26. Nf5 {[%clk
0:53:15]} Rgh7 {[%clk 0:47:00]} 27. g3 {[%clk 0:53:30]} Kf8 {[%clk 0:36:44]}
28. Raf1 {[%clk 0:53:42]} Ke8 {[%clk 0:36:19]} 29. Nxd6+ {[%clk 0:53:12]} cxd6
{[%clk 0:36:32]} 30. Bxf7+ {[%clk 0:53:37]} 1-0

[Event "DVM U16w 2021"]
[Site "Berlin GER"]
[Date "2022.05.02"]
[Round "5"]
[White "Sinner, Joselyne"]
[Black "Stowicek, Yara Mathilda"]
[Result "0-1"]
[Termination "normal"]
[Board "1.3"]
[WhiteElo "1431"]
[BlackElo "1771"]
[WhiteClock "00:28:07"]
[BlackClock "00:47:58"]
[WhiteTeam "Schachgemeinschaft Porz e. V. 1"]
[BlackTeam "USV Halle"]
[PlyCount "94"]
[WhiteFideId "16210387"]
[BlackFideId "16203569"]
[EventCountry "GER"]
[EventRounds "7"]
[EventType "team-swiss"]
[EventDate "2022.04.29"]

1. e4 {[%clk 1:30:58]} c6 {[%clk 1:30:54]} 2. Nc3 {[%clk 1:30:44]} d5 {[%clk
1:31:15]} 3. Nf3 {[%clk 1:31:07]} dxe4 {[%clk 1:31:22]} 4. Nxe4 {[%clk
1:31:32]} Nf6 {[%clk 1:31:33]} 5. Qe2 {[%clk 1:21:44]} Nxe4 {[%clk 1:31:37]} 6.
Qxe4 {[%clk 1:22:04]} Qa5 {[%clk 1:31:50]} 7. Bc4 {[%clk 1:10:40]} Bf5 {[%clk
1:30:27]} 8. Qf4 {[%clk 1:10:45]} e6 {[%clk 1:29:43]} 9. c3 {[%clk 1:09:14]}
Be7 {[%clk 1:28:46]} 10. O-O {[%clk 1:04:02]} O-O {[%clk 1:28:56]} 11. d4
{[%clk 0:58:36]} Nd7 {[%clk 1:25:33]} 12. Qg3 {[%clk 0:49:50]} Nf6 {[%clk
1:23:56]} 13. Qe5 {[%clk 0:44:34]} Qd8 {[%clk 1:15:52]} 14. h3 {[%clk 0:34:14]}
Bd6 {[%clk 1:13:42]} 15. Qe2 {[%clk 0:34:22]} Nd5 {[%clk 1:13:10]} 16. Bg5
{[%clk 0:31:14]} Qc7 {[%clk 1:02:03]} 17. Bh4 {[%clk 0:28:14]} h6 {[%clk
0:58:32]} 18. Bxd5 {[%clk 0:23:34]} exd5 {[%clk 0:56:17]} 19. Nd2 {[%clk
0:20:58]} Bh7 {[%clk 0:50:03]} 20. Qf3 {[%clk 0:19:45]} f5 {[%clk 0:44:21]} 21.
Bg3 {[%clk 0:18:33]} f4 {[%clk 0:43:11]} 22. Bh2 {[%clk 0:18:54]} Rae8 {[%clk
0:40:56]} 23. Rae1 {[%clk 0:17:50]} g5 {[%clk 0:35:13]} 24. Qh5 {[%clk
0:15:24]} Rxe1 {[%clk 0:31:27]} 25. Rxe1 {[%clk 0:15:40]} Qg7 {[%clk 0:29:56]}
26. Re6 {[%clk 0:07:07]} Rf6 {[%clk 0:27:06]} 27. Qe8+ {[%clk 0:04:08]} Bf8
{[%clk 0:26:34]} 28. Rxf6 {[%clk 0:03:54]} Qxf6 {[%clk 0:26:48]} 29. Qb8 {[%clk
0:03:53]} Qe7 {[%clk 0:26:50]} 30. Qe5 {[%clk 0:01:54]} Qxe5 {[%clk 0:26:23]}
31. dxe5 {[%clk 0:02:21]} Bg7 {[%clk 0:24:58]} 32. Nf3 {[%clk 0:02:37]} Be4
{[%clk 0:24:51]} 33. Nd2 {[%clk 0:01:32]} Bxe5 {[%clk 0:24:59]} 34. Nxe4 {[%clk
0:01:12]} dxe4 {[%clk 0:25:20]} 35. Kf1 {[%clk 0:01:09]} Kf7 {[%clk 0:25:34]}
36. g3 {[%clk 0:00:38]} Ke6 {[%clk 0:25:43]} 37. Ke2 {[%clk 0:00:52]} Kd5
{[%clk 0:25:23]} 38. Kd2 {[%clk 0:00:35]} a5 {[%clk 0:22:43]} 39. Ke2 {[%clk
0:00:42]} b5 {[%clk 0:21:58]} 40. Kd2 {[%clk 0:00:38]} h5 {[%clk 0:20:09]} 41.
h4 {[%clk 0:29:12]} e3+ {[%clk 0:47:13]} 42. Ke2 {[%clk 0:27:25]} exf2 {[%clk
0:47:24]} 43. Kxf2 {[%clk 0:26:46]} fxg3+ {[%clk 0:47:44]} 44. Bxg3 {[%clk
0:27:10]} Bxg3+ {[%clk 0:48:08]} 45. Kxg3 {[%clk 0:27:34]} gxh4+ {[%clk
0:47:44]} 46. Kxh4 {[%clk 0:27:52]} Kc4 {[%clk 0:48:13]} 47. Kxh5 {[%clk
0:28:07]} Kd3 {[%clk 0:47:58]} 0-1

[Event "DVM U16w 2021"]
[Site "Berlin GER"]
[Date "2022.05.02"]
[Round "5"]
[White "Derling, Charlotte"]
[Black "Brandt, Greta"]
[Result "1-0"]
[Termination "normal"]
[Board "1.4"]
[WhiteElo "1464"]
[BlackElo "1458"]
[WhiteClock "00:31:32"]
[BlackClock "00:37:41"]
[WhiteTeam "USV Halle"]
[BlackTeam "Schachgemeinschaft Porz e. V. 1"]
[PlyCount "53"]
[WhiteFideId "16222237"]
[BlackFideId "34605860"]
[EventCountry "GER"]
[EventRounds "7"]
[EventType "team-swiss"]
[EventDate "2022.04.29"]

1. e4 e6 {[%clk 1:30:49]} 2. d4 {[%clk 1:31:16]} d5 {[%clk 1:31:10]} 3. Nd2
{[%clk 1:31:25]} Nc6 {[%clk 1:31:30]} 4. c3 {[%clk 1:28:52]} e5 {[%clk
1:31:40]} 5. Ngf3 {[%clk 1:19:32]} exd4 {[%clk 1:23:48]} 6. Nxd4 {[%clk
1:11:40]} Nxd4 {[%clk 1:17:19]} 7. cxd4 {[%clk 1:11:37]} c6 {[%clk 1:14:02]} 8.
e5 {[%clk 1:09:03]} Qh4 {[%clk 1:07:34]} 9. Nf3 {[%clk 1:03:44]} Bb4+ {[%clk
1:05:11]} 10. Bd2 {[%clk 1:02:19]} Qe4+ {[%clk 1:01:45]} 11. Be2 {[%clk
1:00:09]} Bxd2+ {[%clk 1:00:12]} 12. Qxd2 {[%clk 0:59:54]} Bg4 {[%clk 0:53:19]}
13. O-O {[%clk 0:55:24]} Nh6 {[%clk 0:50:20]} 14. Bd3 {[%clk 0:51:44]} Bxf3
{[%clk 0:49:39]} 15. Bxe4 {[%clk 0:51:49]} Bxe4 {[%clk 0:50:04]} 16. f3 {[%clk
0:50:14]} Bf5 {[%clk 0:48:49]} 17. g4 {[%clk 0:49:07]} Bd7 {[%clk 0:47:52]} 18.
h3 {[%clk 0:46:46]} O-O-O {[%clk 0:46:26]} 19. b4 {[%clk 0:45:04]} Rhf8 {[%clk
0:44:16]} 20. a4 {[%clk 0:39:09]} f6 {[%clk 0:42:49]} 21. f4 {[%clk 0:36:05]}
fxe5 {[%clk 0:40:57]} 22. dxe5 {[%clk 0:35:24]} Ng8 {[%clk 0:39:21]} 23. Qe3
{[%clk 0:34:18]} b6 {[%clk 0:37:30]} 24. e6 {[%clk 0:33:14]} Be8 {[%clk
0:37:53]} 25. e7 {[%clk 0:32:50]} Nxe7 {[%clk 0:38:01]} 26. Qxe7 {[%clk
0:33:12]} Bf7 {[%clk 0:37:41]} 27. Qxa7 {[%clk 0:31:32]} 1-0

[Event "DVM U16w 2021"]
[Site "Berlin GER"]
[Date "2022.05.02"]
[Round "5"]
[White "Hubert, Charlotte"]
[Black "Glowiak, Alexandra"]
[Result "1/2-1/2"]
[Termination "normal"]
[Board "2.1"]
[WhiteElo "1692"]
[BlackElo "1496"]
[WhiteClock "00:06:49"]
[BlackClock "00:24:01"]
[WhiteTeam "Hamburger SK von 1830 eV"]
[BlackTeam "Chemnitzer SC Aufbau95"]
[PlyCount "86"]
[WhiteFideId "16265920"]
[BlackFideId "16259530"]
[EventCountry "GER"]
[EventRounds "7"]
[EventType "team-swiss"]
[EventDate "2022.04.29"]

1. e4 e5 {[%clk 1:30:56]} 2. Nf3 {[%clk 1:31:16]} Nc6 {[%clk 1:31:21]} 3. Bb5
{[%clk 1:31:38]} a6 {[%clk 1:31:46]} 4. Ba4 {[%clk 1:32:02]} Nf6 {[%clk
1:32:09]} 5. O-O {[%clk 1:32:24]} Be7 {[%clk 1:32:26]} 6. Re1 {[%clk 1:32:46]}
b5 {[%clk 1:32:17]} 7. Bb3 {[%clk 1:33:11]} d6 {[%clk 1:30:21]} 8. a4 {[%clk
1:31:22]} b4 {[%clk 1:27:52]} 9. a5 O-O 10. c3 {[%clk 1:30:56]} Rb8 {[%clk
1:21:33]} 11. Bc4 {[%clk 1:19:06]} bxc3 {[%clk 1:03:14]} 12. dxc3 {[%clk
1:10:45]} Na7 {[%clk 0:51:58]} 13. Na3 {[%clk 0:50:43]} c6 {[%clk 0:46:07]} 14.
Be3 {[%clk 0:44:42]} Nb5 {[%clk 0:41:22]} 15. Nxb5 {[%clk 0:42:05]} cxb5 {[%clk
0:38:39]} 16. Bb3 {[%clk 0:37:40]} Bg4 {[%clk 0:34:51]} 17. Bb6 {[%clk
0:36:22]} Qc8 {[%clk 0:33:59]} 18. h3 {[%clk 0:27:16]} Bh5 {[%clk 0:33:46]} 19.
Qe2 {[%clk 0:18:42]} Bd8 {[%clk 0:23:05]} 20. Bxd8 {[%clk 0:17:57]} Rxd8 {[%clk
0:23:21]} 21. Red1 {[%clk 0:16:59]} Qc6 {[%clk 0:19:34]} 22. Bd5 {[%clk
0:14:57]} Nxd5 {[%clk 0:18:55]} 23. Rxd5 {[%clk 0:15:15]} f6 {[%clk 0:18:33]}
24. Rd2 {[%clk 0:11:48]} Bg6 {[%clk 0:15:05]} 25. Re1 {[%clk 0:10:32]} b4
{[%clk 0:14:38]} 26. c4 {[%clk 0:10:08]} b3 {[%clk 0:13:44]} 27. Nh4 {[%clk
0:09:02]} Bf7 {[%clk 0:13:31]} 28. Nf5 {[%clk 0:09:24]} Kf8 {[%clk 0:11:44]}
29. Red1 {[%clk 0:09:07]} Bxc4 {[%clk 0:05:24]} 30. Qg4 {[%clk 0:09:31]} Qc7
{[%clk 0:04:34]} 31. Nxd6 {[%clk 0:07:54]} Bg8 {[%clk 0:04:13]} 32. Nf5 {[%clk
0:06:49]} Rxd2 {[%clk 0:04:15]} 33. Rxd2 {[%clk 0:07:17]} g6 {[%clk 0:03:05]}
34. Nh6 {[%clk 0:05:43]} Qc1+ {[%clk 0:02:22]} 35. Qd1 {[%clk 0:06:04]} Qxd1+
{[%clk 0:02:43]} 36. Rxd1 {[%clk 0:06:28]} Ke7 {[%clk 0:02:13]} 37. Nxg8+
{[%clk 0:06:47]} Rxg8 {[%clk 0:02:42]} 38. Rd3 {[%clk 0:06:48]} Rb8 {[%clk
0:03:04]} 39. Kf1 {[%clk 0:06:59]} Rb5 {[%clk 0:02:58]} 40. Ke2 {[%clk
0:07:06]} Rxa5 {[%clk 0:03:09]} 41. Rxb3 {[%clk 0:07:29]} Rb5 {[%clk 0:01:42]}
42. Rxb5 {[%clk 0:06:52]} axb5 {[%clk 0:01:57]} 43. b4 {[%clk 0:06:49]} f5
{[%clk 0:24:01]} *

[Event "DVM U16w 2021"]
[Site "Berlin GER"]
[Date "2022.05.02"]
[Round "5"]
[White "Czäczine, Paula"]
[Black "Wu, Yvonne Yihan"]
[Result "1-0"]
[Termination "normal"]
[Board "2.2"]
[WhiteElo "1127"]
[BlackElo "1263"]
[WhiteClock "00:46:19"]
[BlackClock "00:29:38"]
[WhiteTeam "Chemnitzer SC Aufbau95"]
[BlackTeam "Hamburger SK von 1830 eV"]
[PlyCount "47"]
[WhiteFideId "16249305"]
[BlackFideId "16298330"]
[EventCountry "GER"]
[EventRounds "7"]
[EventType "team-swiss"]
[EventDate "2022.04.29"]

1. e4 {[%clk 1:30:57]} c6 {[%clk 1:30:57]} 2. d4 {[%clk 1:31:18]} d5 {[%clk
1:31:23]} 3. exd5 {[%clk 1:31:37]} cxd5 {[%clk 1:31:45]} 4. c4 {[%clk 1:31:57]}
Nf6 {[%clk 1:32:05]} 5. Nc3 {[%clk 1:30:48]} Bf5 {[%clk 1:28:52]} 6. Nf3 {[%clk
1:26:25]} h6 {[%clk 1:27:54]} 7. Bf4 {[%clk 1:24:11]} e6 {[%clk 1:24:10]} 8.
Bd3 {[%clk 1:21:14]} Ne4 {[%clk 1:16:31]} 9. cxd5 {[%clk 1:10:52]} Nxc3 {[%clk
1:13:30]} 10. bxc3 {[%clk 1:11:11]} Qxd5 {[%clk 1:10:48]} 11. O-O {[%clk
1:07:47]} g5 {[%clk 0:54:50]} 12. Be5 {[%clk 1:05:18]} Rg8 {[%clk 0:45:46]} 13.
Bxf5 {[%clk 0:58:19]} exf5 {[%clk 0:46:00]} 14. Re1 {[%clk 0:57:15]} Kd7 {[%clk
0:41:27]} 15. c4 {[%clk 0:47:31]} Qxc4 {[%clk 0:36:37]} 16. Bxb8 {[%clk
0:47:44]} Rxb8 {[%clk 0:36:29]} 17. Ne5+ {[%clk 0:48:07]} Kc7 {[%clk 0:34:26]}
18. Nxc4 {[%clk 0:48:25]} Rd8 {[%clk 0:32:55]} 19. Rc1 {[%clk 0:47:09]} Kb8
{[%clk 0:32:37]} 20. Qb3 {[%clk 0:46:29]} Bg7 {[%clk 0:29:23]} 21. Re7 {[%clk
0:45:41]} b6 {[%clk 0:29:28]} 22. Nxb6 {[%clk 0:45:57]} axb6 {[%clk 0:29:13]}
23. Qxb6+ {[%clk 0:46:19]} Ka8 {[%clk 0:29:38]} 24. Qa7# 1-0

[Event "DVM U16w 2021"]
[Site "Berlin GER"]
[Date "2022.05.02"]
[Round "5"]
[White "Brewig, Bea Josephine"]
[Black "Einacker, Anika"]
[Result "1-0"]
[Termination "normal"]
[Board "2.4"]
[WhiteElo "1152"]
[BlackElo "1187"]
[WhiteClock "00:18:59"]
[BlackClock "00:13:20"]
[WhiteTeam "Chemnitzer SC Aufbau95"]
[BlackTeam "Hamburger SK von 1830 eV"]
[PlyCount "43"]
[WhiteFideId "16249313"]
[BlackFideId "34620591"]
[EventCountry "GER"]
[EventRounds "7"]
[EventType "team-swiss"]
[EventDate "2022.04.29"]

1. e4 {[%clk 1:30:57]} c5 {[%clk 1:30:54]} 2. Nf3 {[%clk 1:31:18]} e6 {[%clk
1:31:17]} 3. d4 {[%clk 1:31:33]} cxd4 {[%clk 1:31:20]} 4. Nxd4 {[%clk 1:31:32]}
Nc6 {[%clk 1:30:15]} 5. Nc3 {[%clk 1:26:21]} a6 {[%clk 1:30:24]} 6. Be3 {[%clk
1:23:43]} Qc7 {[%clk 1:26:50]} 7. Qd2 {[%clk 1:14:00]} Nf6 {[%clk 1:25:56]} 8.
f3 {[%clk 1:12:42]} Be7 {[%clk 1:17:53]} 9. O-O-O {[%clk 1:04:25]} O-O {[%clk
1:14:26]} 10. g4 {[%clk 0:53:50]} d6 {[%clk 0:50:55]} 11. h4 {[%clk 0:46:56]}
Nd7 {[%clk 0:43:22]} 12. g5 {[%clk 0:31:55]} Nxd4 {[%clk 0:36:08]} 13. Bxd4
{[%clk 0:31:29]} Qd8 {[%clk 0:26:40]} 14. Kb1 {[%clk 0:29:35]} b5 {[%clk
0:25:18]} 15. Be3 {[%clk 0:26:53]} Qe8 {[%clk 0:16:35]} 16. h5 {[%clk 0:22:49]}
Ne5 {[%clk 0:15:05]} 17. Be2 {[%clk 0:20:50]} g6 {[%clk 0:12:58]} 18. f4 {[%clk
0:19:28]} Nc4 {[%clk 0:12:18]} 19. Bxc4 {[%clk 0:19:45]} bxc4 {[%clk 0:12:45]}
20. f5 {[%clk 0:18:25]} exf5 {[%clk 0:13:05]} 21. hxg6 {[%clk 0:18:42]} fxg6
{[%clk 0:13:20]} 22. Qd5+ {[%clk 0:18:59]} 1-0